Globálny trh s investičnými zariadeniami diplomová práca

Gespeichert in:
Bibliographische Detailangaben
1. Verfasser: Jacková, Martina
Körperschaft: Obchodná fakulta EU. Katedra medzinárodného obchodu
Weitere Verfasser: Pullmanová, Terézia, 1953-
Format: Buch
Sprache:Slowakisch
Veröffentlicht: Bratislava 2012
Tags: Tag hinzufügen
Keine Tags, Fügen Sie das erste Tag hinzu!

MARC

LEADER 00000nbm a2200000 4500
001 0157918
005 20170523123032.0
041 0 |a slo 
044 |a SK 
245 1 0 |a Globálny trh s investičnými zariadeniami  |b diplomová práca  |c Martina Jacková ; školiteľ: Terézia Pullmanová 
264 1 |a Bratislava  |c 2012 
300 |a 69 s. 
100 1 |a Jacková, Martina 
700 1 |a Pullmanová, Terézia, 1953- 
710 2 |a Obchodná fakulta EU. Katedra medzinárodného obchodu